Estigma: la identidad deteriorada

Tallennettuna:
Bibliografiset tiedot
Päätekijä: Goffman, Erving, 1922-1982
Aineistotyyppi: Kirja
Kieli:espanja
Julkaistu: Buenos Aires Amorrortu 1970
Painos:1a. ed
Sarja:Biblioteca de Comunicación, Cultura y Medios
Aiheet:
Tagit: Lisää tagi
Ei tageja, Lisää ensimmäinen tagi!

MARC

LEADER 00000nam a2200000 a 4500
001 UCM2737
003 CL-VaPUC
008 020613e19700000AG |||||||||||||||||spa|d
082 0 4 |a 302  |b GOF  |2 21 
100 |a Goffman, Erving,   |d 1922-1982,  |x Sociólogo   |9 469505 
245 1 0 |a Estigma: la identidad deteriorada 
250 |a 1a. ed 
300 |a 172 p 
942 |c BK 
945 |d 20020613 00:00:00  |a cmena 
260 |a Buenos Aires  |b Amorrortu  |c 1970 
650 0 |a Discriminación   |9 335101 
650 0 |a Alienación social   |9 343768 
650 0 |a Desviación social   |9 337764 
650 7 |a CONFLICTO INTERPERSONAL  |2 CL-VaPUC  |9 324589 
650 0 |a Problemas sociales  |9 258537 
650 0 |a Comportamiento   |9 308406 
650 0 |a Identidad   |9 336178 
650 7 |a DIFERENCIA INDIVIDUAL  |2 CL-VaPUC  |9 334997 
583 |a last modification  |c 20020613 00:00:00  |k Rodrigo Vera 
490 0 |a Biblioteca de Comunicación, Cultura y Medios 
999 |c 300458  |d 300456 
952 |0 0  |1 0  |4 0  |6 302_000000000000000_GOF_1970  |7 0  |8 R  |9 358274  |a BIBGIM  |b BIBGIM  |d 2019-11-21  |i 3819760  |l 2  |o 302 GOF 1970  |p 3819760  |r 2025-01-15  |s 2023-06-14  |w 2019-11-21  |y BK_R  |k SSL 
952 |0 0  |1 0  |4 0  |6 302_000000000000000_GOF_1970  |7 0  |8 R  |9 358275  |a BIBGIM  |b BIBGIM  |d 2019-11-21  |i 4705440  |o 302 GOF 1970  |p 4705440  |r 2025-01-15  |w 2019-11-21  |y BK_R  |k SSL 
952 |0 0  |1 0  |4 0  |6 302_000000000000000_GOF_1970  |7 0  |8 R  |9 358276  |a BIBGIM  |b BIBGIM  |d 2019-11-21  |i 4705459  |o 302 GOF 1970  |p 4705459  |r 2025-01-15  |w 2019-11-21  |y BK_R  |k SSL 
952 |0 0  |1 0  |4 0  |6 302_000000000000000_GOF_1970  |7 0  |8 R  |9 358277  |a BIBGIM  |b BIBGIM  |d 2019-11-21  |i 4705467  |o 302 GOF 1970  |p 4705467  |r 2025-01-15  |w 2019-11-21  |y BK_R  |k SSL